Kabale University Library Catalogue

Deferring democracy : (Record no. 6015)

MARC details
000 -LEADER
fixed length control field 00907cam a2200253 a 4500
005 - DATE AND TIME OF LATEST TRANSACTION
control field 20260205114902.0
008 - FIXED-LENGTH DATA ELEMENTS--GENERAL INFORMATION
fixed length control field 000608s2000 dcu b 001 0 eng
020 ## - INTERNATIONAL STANDARD BOOK NUMBER
International Standard Book Number 0815717016
Qualifying information alk. paper
020 ## - INTERNATIONAL STANDARD BOOK NUMBER
International Standard Book Number 9780815717010
Qualifying information (alk. paper)
040 ## - CATALOGING SOURCE
Original cataloging agency KABLIB
Transcribing agency KABLIB
Description conventions rda
082 00 - DEWEY DECIMAL CLASSIFICATION NUMBER
Classification number 327.73
Edition number 23
Item number DAL
100 1# - MAIN ENTRY--PERSONAL NAME
Personal name Dalpino, Catharin E.
9 (RLIN) 15192
245 10 - TITLE STATEMENT
Title Deferring democracy :
Remainder of title promoting openness in authoritarian regimes /
Statement of responsibility, etc. Catharin E. Dalpino.
260 ## - PUBLICATION, DISTRIBUTION, ETC.
Place of publication, distribution, etc. Washington, D.C. :
Name of publisher, distributor, etc. Brookings Institution Press,
Date of publication, distribution, etc. c2000.
300 ## - PHYSICAL DESCRIPTION
Extent x, 137 p. ;
Dimensions 23 cm.
504 ## - BIBLIOGRAPHY, ETC. NOTE
Bibliography, etc. note Includes bibliographical references (p. 109-127), index.
650 #0 - SUBJECT ADDED ENTRY--TOPICAL TERM
Topical term or geographic name entry element World politics
Chronological subdivision 1989-
9 (RLIN) 13808
650 #0 - SUBJECT ADDED ENTRY--TOPICAL TERM
Topical term or geographic name entry element Authoritarianism.
9 (RLIN) 15193
650 #0 - SUBJECT ADDED ENTRY--TOPICAL TERM
Topical term or geographic name entry element Democratization.
650 #0 - SUBJECT ADDED ENTRY--TOPICAL TERM
Topical term or geographic name entry element Political development.
9 (RLIN) 15194
650 #0 - SUBJECT ADDED ENTRY--TOPICAL TERM
Topical term or geographic name entry element Social movements.
651 #0 - SUBJECT ADDED ENTRY--GEOGRAPHIC NAME
Geographic name United States
General subdivision Foreign relations
Chronological subdivision 1989-
9 (RLIN) 15195
942 ## - ADDED ENTRY ELEMENTS (KOHA)
Source of classification or shelving scheme Dewey Decimal Classification
Koha item type Book
Holdings
Withdrawn status Lost status Source of classification or shelving scheme Damaged status Not for loan Home library Current library Shelving location Date acquired Source of acquisition Total Checkouts Full call number Barcode Date last seen Price effective from Koha item type
    Dewey Decimal Classification     Mukombe Library Mukombe Library Open Access Section 05.02.2026 Donation   327.73 DAL 14482 05.02.2026 05.02.2026 Book

Kabale University Library | Kabale University P.O Box 317, Kabale, Uganda
Tel : +256754017033, +256774661503 E-mail : library@kab.ac.ug